What lies beneath? (Record no. 76387)
[ view plain ]
| 000 -LEADER | |
|---|---|
| fixed length control field | 00849cab a2200181 4500 |
| 001 - CONTROL NUMBER | |
| control field | ##L132284 |
| 008 - FIXED-LENGTH DATA ELEMENTS--GENERAL INFORMATION | |
| fixed length control field | 060124n2006 000 0 eng u |
| 035 ## - SYSTEM CONTROL NUMBER | |
| System control number | (Sirsi) u132284 |
| 041 0# - LANGUAGE CODE | |
| Language code of text/sound track or separate title | eng |
| 100 1# - MAIN ENTRY--PERSONAL NAME | |
| Personal name | Mahony, Chris |
| 245 00 - TITLE STATEMENT | |
| Title | What lies beneath? |
| 260 ## - PUBLICATION, DISTRIBUTION, ETC. | |
| Date of publication, distribution, etc. | 2006 |
| 490 #4 - SERIES STATEMENT | |
| Series statement | RICS Building Surveying Faculty: The Journal |
| Volume/sequential designation | January / February 2006, 6-7(2) |
| 520 ## - SUMMARY, ETC. | |
| Summary, etc. | Advises surveyors on how to identify modern methods of construction, by careful examination of such features as openings, eaves junctions, damp-proof courses and weepholes, pointing and external wall junctions with the ground, floor and wall thickness, and roof voids. Also emphasises the importance of local site and area knowledge. |
| 590 ## - LOCAL NOTE (RLIN) | |
| Local note | IKA310106 |
| 690 ## - LOCAL SUBJECT ADDED ENTRY--TOPICAL TERM (OCLC, RLIN) | |
| Topical term or geographic name as entry element | BUILT ENVIRONMENT-CONSTRUCTION MANAGEMENT-CONSTRUCTION DESIGN AND MANAGEMENT |
| 942 ## - ADDED ENTRY ELEMENTS (KOHA) | |
| Suppress in OPAC | 0 |
| Withdrawn status | Lost status | Source of classification or shelving scheme | Damaged status | Not for loan | Home library | Current library | Shelving location | Date acquired | Total Checkouts | Full call number | Barcode | Date last seen | Copy number | Price effective from | Koha item type |
|---|---|---|---|---|---|---|---|---|---|---|---|---|---|---|---|
| Dewey Decimal Classification | London | London | Journal article | 24/01/2006 | L132284 | 132284-1001 | 06/08/2019 | 1 | 06/08/2019 | Journal article |